| 000 | 00586nam a2200217 a 4500 | ||
|---|---|---|---|
| 001 | 14381 | ||
| 003 | BD-JhCC | ||
| 005 | 20250907105715.0 | ||
| 008 | 250907b2010201 nyua|||| ||a| 001 0 eng d | ||
| 020 | _a 9781909531130 | ||
| 035 | _a(BD-JhCC)14381 | ||
| 040 |
_aBD-JhCC _dBD-JhCC |
||
| 041 | _aenglish | ||
| 082 |
_a823.914 _bMUL 2014 |
||
| 100 | _aMulligan,Andy | ||
| 245 |
_aTrash / _cAndy Mulligan. |
||
| 260 |
_a London: _bDefinitions; _c2014. |
||
| 300 |
_a210 p. : _bill; _c20 cm. |
||
| 650 |
_a Action and adventure fiction _xAdventure _yAdventure fiction |
||
| 942 |
_2ddc _cBK |
||
| 999 |
_c14381 _d14381 |
||